00708 a2200241 4500260001100000711002200011711002100033440000700054260001000061245006500071300001000136260000900146130000800155440002900163710006100192711003300253690001100286690001300297440001400310020001800324999001700342952010700359 aParis. d21 - 26 Mars 1982 cBordeaux-France. n11 bINRA. aLa Sélection de plantes pour la résistance aux maladies. a231p. c1981 lFr. aLes Colloques de l'INRA. aInstitut Nationalde la Recherche Agronomique:(I.N.R.A.). aColloque Franco-Israëlien. aplante amaladie. x0293-1915 a2-85340-440-4 c26690d26690 00104070aBIDOCbBIDOCd0000-00-00l0oPV.1982.037r2009-02-28 00:00:00t2w2009-02-28yLIVRz1.2074